ප්රංශ-සිංහල,සිංහල,සිංහල-ප්රංභ සංක්ෂිප්ත ශබ්දකෝෂය (Record no. 118998)
[ view plain ]
| 000 -LEADER | |
|---|---|
| fixed length control field | 00649nam a2200181Ia 4500 |
| 003 - CONTROL NUMBER IDENTIFIER | |
| control field | LK-CoDNM |
| 008 - FIXED-LENGTH DATA ELEMENTS--GENERAL INFORMATION | |
| fixed length control field | 010623t1998 xxu||||| |||| 00| 1 sin d |
| 040 ## - CATALOGING SOURCE | |
| Original cataloging agency | LK-CoDNM |
| Modifying agency | LK-CoDNM |
| Description conventions | LK-CoDNM |
| 041 ## - LANGUAGE CODE | |
| Language code of text/sound track or separate title | Sinhala; Sinhalese |
| 080 ## - UNIVERSAL DECIMAL CLASSIFICATION NUMBER | |
| Universal Decimal Classification number | 030.8 |
| Item number | PER |
| 942 ## - ADDED ENTRY ELEMENTS (KOHA) | |
| Koha item type | Books |
| 100 ## - MAIN ENTRY--PERSONAL NAME | |
| Personal name | Perera,Edward. |
| 245 ## - TITLE STATEMENT | |
| Title | ප්රංශ-සිංහල,සිංහල,සිංහල-ප්රංභ සංක්ෂිප්ත ශබ්දකෝෂය |
| 246 ## - VARYING FORM OF TITLE | |
| Title proper/short title | France-Sinhala,Sinhala-France Sankshiptha Shabdakoshaya |
| 260 ## - PUBLICATION, DISTRIBUTION, ETC. (IMPRINT) | |
| Name of publisher, distributor, etc. | M.D.Gunasena |
| Place of publication, distribution, etc. | Colombo |
| Date of publication, distribution, etc. | 1998 |
| 300 ## - PHYSICAL DESCRIPTION | |
| Other physical details | xxxvi,428p., 19 100: 955-21-0803-9 cm |
| 650 ## - SUBJECT ADDED ENTRY--TOPICAL TERM | |
| Topical term or geographic name as entry element | France-Sinhala Dictionary |
| Withdrawn status | Lost status | Damaged status | Not for loan | Collection code | Permanent Location | Current Location | Date acquired | Full call number | Barcode | Koha item type |
|---|---|---|---|---|---|---|---|---|---|---|
| Monographs | Library National Museum Colombo - Sri Lanka | Library National Museum Colombo - Sri Lanka | 2023-08-02 | 030.8 PER | 136304 | Books |


